Normal view MARC view

Entry Personal Name

Number of records used in: 1

001 - CONTROL NUMBER

  • control field: 21148

003 - CONTROL NUMBER IDENTIFIER

  • control field: OSt

005 - DATE AND TIME OF LATEST TRANSACTION

  • control field: 20210129163924.0

008 - FIXED-LENGTH DATA ELEMENTS

  • fixed length control field: 210129|| aca||aabn | a|a d

040 ## - CATALOGING SOURCE

  • Original cataloging agency: OSt
  • Transcribing agency: OSt

100 ## - HEADING--PERSONAL NAME

  • Personal name: Hensmans, Manuel and Bommel, Koen Van.

670 ## - SOURCE DATA FOUND

  • Source citation: Work cat.: (OSt)514581: Hensmans, Manuel and Bommel, Koen Van. , Brexit , the NHS and the double-edged sword of populism: Contributor to agnostic democracy or vehicle of ressentiment?

Powered by Koha